Разработка технологии контроля загрязнения атмосферного воздуха химическими элементами и металлами; Сборник тезисов лауреатов Всероссийского конкурса научно-исследовательских работ студентов и аспирантов в области физических наук в рамках всероссийского фестиваля науки

Bibliografske podrobnosti
Parent link:Сборник тезисов лауреатов Всероссийского конкурса научно-исследовательских работ студентов и аспирантов в области физических наук в рамках всероссийского фестиваля науки.— 2011.— С. 235-238
Glavni avtor: Рогова Н. С. Наталья Сергеевна
Jezik:ruščina
Izdano: 2011
Teme:
Format: MixedMaterials Book Chapter
KOHA link:https://koha.lib.tpu.ru/cgi-bin/koha/opac-detail.pl?biblionumber=244299

MARC

LEADER 00000naa2a2200000 4500
001 244299
005 20231222151806.0
035 |a (RuTPU)RU\TPU\book\265682 
035 |a RU\TPU\book\265681 
090 |a 244299 
100 |a 20131018d2011 k y0rusy50 ca 
101 0 |a rus 
102 |a RU 
200 1 |a Разработка технологии контроля загрязнения атмосферного воздуха химическими элементами и металлами  |f Н. С. Рогова 
463 0 |0 (RuTPU)RU\TPU\book\250354  |t Сборник тезисов лауреатов Всероссийского конкурса научно-исследовательских работ студентов и аспирантов в области физических наук в рамках всероссийского фестиваля науки  |o г. Томск, 25 мая-5 сентября 2011 г.  |f Национальный исследовательский Томский политехнический университет (ТПУ) ; под ред. В. П. Кривобокова, А. П. Потылицына, А. С. Гоголева, К. А. Козина  |v С. 235-238  |d 2011  |p 252 с. 
610 1 |a труды учёных ТПУ 
610 1 |a контроль 
610 1 |a технологии 
610 1 |a разработка 
610 1 |a загрязнение 
610 1 |a атмосферный воздух 
610 1 |a химические элементы 
610 1 |a тяжелые металлы 
700 1 |a Рогова  |b Н. С.  |c физик  |c доцент Томского политехнического университета, кандидат технических наук  |f 1986-  |g Наталья Сергеевна  |3 (RuTPU)RU\TPU\pers\30609  |9 14890 
801 1 |a RU  |b 63413507  |c 20131014 
801 2 |a RU  |b 63413507  |c 20131020  |g RCR 
942 |c BK